Quizzes
Events
Quiz Creation
Community
Videos
Private Events
Remove Ads
Sign In
Join for FREE
Feedback
Dark Mode
Quiz Categories
Sports
Geography
Music
Movies
Television
Just For Fun
Miscellaneous
History
Literature
Language
Science
Gaming
Entertainment
Religion
Holiday
For Kids
Quiz Lab
Recent
Popular Today
Quiz Kudos Today
Editor Picks
Curator Picks
Quizzes by...
Day
Popularity
Type
Ratings
Length
Year
Community
Subscriptions
Recent Discussions
Orange Saloon
Badges
Playlists
Quests
Create
Leaderboards
Showdown
Live 5
Trivia Bingo
Activity
Puzzle Library
Sporcle Events
Private Events
Virtual Trivia
Globe League
Become a Host
Pub Owners
SporcleCon
Opinionation
Our Games
Videos
Blog
Mobile Apps
Partnerships
Remove Ads and Go Orange
Feedback
Television
TV Characters
TV Show
Sitcom
Network
Friends
Reality Shows
Cast
South Park
Star Trek
The Simpsons
Doctor Who
Television
TV Characters
TV Show
Sitcom
Network
Friends
Reality Shows
Cast
South Park
Star Trek
The Simpsons
Doctor Who
Random Quiz
Search Sporcle
×
Quiz Lab
Quiz Lab
Television
TV Show
Type in answers that appear in a list
Type in answers that appear in a list
Classic
Best Score? Go Orange.
GIRLS Season 2 Stats
Can you name the GIRLS Season 2?
By
girlinterrupted
10m
28 Questions
136 Plays
136 Plays
136 Plays
Comments
Comments
Give Quiz Kudos
Give Quiz Kudos
-
- Ratings
hide this ad
Replay
Link that replays current quiz
Next Quiz
Link to next quiz in quiz playlist
You Got
0%
They Got
Avg Score
45%
Avg Friend Score
Upgrade to see
Score Distribution
Jump to the score distribution portion of the page
Score
0/28
Timer
10:00
0
Plays Today
Question
Answer
% Correct
How many episodes are there?
Ten
96.3%
Which GIRL is not present in the season finale?
Jessa
92.6%
Who gets back together (finally) in the finale?
Hannah and Adam
83.8%
What drug do Hannah and Elijah take?
Coke
69.1%
How old is Jessa's step-
brother who Hannah sleeps with?
19
69.1%
Who breaks up in the season finale?
Shoshanna and Ray
65.4%
How does Charlie get rich?
Makes an app
64.7%
What does Hannah get stuck in her ear?
Q-tip
64.7%
What does Jessa's family eat every day?
Pet rabbit
59.6%
Which two unlikely men bond?
Adam and Ray
58.8%
What is Hannah's OCD number?
Eight
55.9%
What is Charlie's new girlfriends name?
Audrey
55.1%
What does Marnie sing at Charlie's party?
Stronger by Kanye West
50%
What is Adam's new girlfriends name?
Natalia
48.5%
Question
Answer
% Correct
Why do they go there?
Return a dog
45.6%
Which famous actor/
rapper does Hannah briefly date?
Donald Glover
44.9%
Where do they go?
Staten Island
42.6%
Why does Elijah move out?
Had sex with Marnie
36.8%
What word does Hannah think she invented?
Sexit
36.8%
What does Adam call facetime?
facespace
26.5%
Where does Adam go?
Alcoholics Anonymous
25.7%
What does Shosanna do behind Ray's back?
Cheats
23.5%
Who helps her?
Laird
22.1%
What does Hannah do in the finale?
Cuts her hair
21.3%
Who sleeps with Marnie? (must name all in order)
Elijah, Booth Jonathan, Charlie
11%
Who sleeps with Hannah? (must name all in order)
Sandy, Laird, Joshua, Frank
3.7%
Why does Adam's girlfriend get mad at him?
Agressive
2.2%
Why does Jessa leave?
Upset with dad
1.5%
Quiz Playlist
Details
Report
Send in Message
Add To Playlist
Classic:
Type in answers that appear in a list
Last Updated: Feb 16, 2017
Quiz Scoreboard
CHALLENGE
Sign Up to Join the Scoreboard
Show All
Scores
Hide
Comments
May contain spoilers
Recently Published
1-10 Letter E Words III
by El_Dandy
Language
2m
One Thing in Common: World Cities II
by knightlancer
Geography
7m
Popular People in 1961
by mucciniale
History
6m
More to Explore
Quiz From the Vault
Featured Blog Post
Where Did the Easter Bunny Come From?
hide this ad
You Might Also Like...
Tags
TV Show Quiz
Girls (HBO)
hbo
HBO Original
Today's Top Quizzes in Television
Browse Television
hide this ad
Today's Top Quizzes in TV Show
Browse TV Show
Top Contributed Quizzes in Television
1
One Piece Logic Puzzle
2
Survivor Logic Puzzle: Heroes vs. Villains
3
Survivor Seasons
4
Survivor Season by Logo
5
Ultimate Survivor Logic Puzzle
6
Survivor Logic Puzzle: Winners at War
7
Survivor Trivia
8
Survivor Heroes vs. Villains Logic Puzzle
9
All US Survivor Seasons in Order
10
Emmerdale Characters (from August 2012)
Explore More
Trending Topics
Kpop
Crossword
Harry Potter
Marvel
Disney
Anime
NBA
Song
Soccer
Pokémon
Puzzle
Country
WWE
The Office
NFL
hide this ad
More By:
girlinterrupted
Quiz
Plays
Rating
Category
Featured
Created
GIRLS Season 1
286
4.00
Television
Mar 10, 2013
GIRLS Season 2
136
1.00
Television
Apr 7, 2013
Poet-Themed Questions
19
1.00
Literature
Apr 11, 2013
Go to Creator's Profile
Score Distribution
Quiz Creator Spotlight
girlinterrupted
Follow
Send a Message
Quizzes Created
-
Created Quiz Play Count
-
More By This Creator
Popular Quizzes Today
1
Find the US States - No Outlines Minefield
2
The Countries of the World
3
Popular People in 1961
4
Find the Countries of Europe - No Outlines Minefield
5
1-10 Letter E Words III
6
Find the US States
7
One Thing in Common: World Cities II
8
US States
More Television Quizzes
SpongeBob: 'Pressure' Scenes in Order
Curator's Pick
Trending Quizzes
1-10 Letter F Words
One Thing in Common: Music
1-10 Letter G Words
Risky Map Clicking: Next State Alphabetically
1-10 Letter F Words II
Recently Updated
Leaping Animals
pecheneg
Reality TV Shows (A-Z)
bhenderson79
Rickey Henderson's Hall of Fame Teammates
pecheneg
Champions League XIs: Arsenal
pecheneg
Quick Pick: Celebrities in WWE's Hall of Fame
aduchscher
A-Z Keypad Blitz II
pecheneg
Multiple Oscar Actors
pecheneg
Mystery Phrase Blitz: Oscar 'Best Actors'
pecheneg
F. Scott Fitzgerald Novels
LTH
Pick 3 Villains
ddd62291
Trending Topics
NBA
Kpop
Disney
Anime
Marvel
Harry Potter
Crossword
Country
NFL
Puzzle
Pokémon
The Office
Song
WWE
Soccer
Your Account Isn't Verified!
In order to create a playlist on Sporcle, you need to verify the email address you used during registration. Go to your
Sporcle Settings
to finish the process.
Report this User
Report this user for behavior that violates our
Community Guidelines
.
Details:
Send Report
Go to the Sporcle.com Mobile Site →
Comments